El proceso de modernización de la economía guatemalteca /
Salvato in:
| Autore principale: | |
|---|---|
| Natura: | testo |
| Tags: |
Aggiungi Tag
Nessun Tag, puoi essere il primo ad aggiungerne!!
|
MARC
| LEADER | 00000 a a2200000 04500 | ||
|---|---|---|---|
| 001 | 47825 | ||
| 003 | |||
| 040 | |||
| 100 | |a Sosa López, Lizardo | ||
| 245 | |a El proceso de modernización de la economía guatemalteca / |c Lizardo Sosa López | ||
| 773 | |g número20, (octubre-diciembre, 1990), páginas 31-35 | ||
| 999 | |c 32554 |d 32554 | ||
